Tri vyznania

Bibliographic Details
Main Author: Žilka, Štefan (Author)
Format: Article
Language:Slovak
PhysicalDescription:Fotogr.
ISSN:0139-6854
Subjects:

MARC

LEADER 00000nab a2200000 4500
001 vtls012138903
003 SK-MaSNL
005 20260303100213.0
008 220610|1987 xo wr p || |||| ||slo
015 |a SNBRB 2015  |2 svkbbbg 
038 |a SVKBBBG 
040 |a SVKBBBG  |b slo  |c SVKBBBG  |e rda 
041 0 |a slo 
043 |a e-xo--- 
044 |a xo  |c SK 
072 7 |a 796  |x Šport. Hry. Telesné cvičenia  |2 konspekt 
080 |a 796/799  |2 2011 
100 1 |a Žilka, Štefan  |4 aut  |9 715388 
245 1 0 |a Tri vyznania  |c Štefan Žilka 
300 |b Fotogr. 
336 |a text  |b txt  |2 rdacontent 
337 |a bez média  |b n  |2 rdamedia 
338 |a zväzok  |b nc  |2 rdacarrier 
611 7 |a Biela stopa SNP  |n (14. :  |d 1987 :  |c Kremnica a Banská Bystrica, Slovensko)  |2 snkbucl  |9 940259 
650 0 7 |a beh na lyžiach  |2 SNKPH  |9 3259 
655 7 |a články z novín a časopisov  |2 SNKPH  |9 267496 
665 |a Názov Biela stopa SNP sa používal do roku 2004. Od roku 2005 vypadne z oficiálneho názvu Bielej stopy prívlastok "SNP" 
773 0 |t Svet socializmu : obrázkový týždenník  |d Roč. 36, č. 9 (24. 2. 1987)  |g S. 2-4  |x 0139-6854 
852 |a SVKBB  |b KIS3GCP 
958 |a BP 
999 |c 1828550  |d 1830480